|
|
|
|
| LEADER |
00000cam a2200000 c 4500 |
| 001 |
1616029099 |
| 003 |
DE-627 |
| 005 |
20220606102522.0 |
| 007 |
tu |
| 008 |
150812s2007 xxk||||| 00| ||eng c |
| 016 |
7 |
|
|a 157468860
|2 DE-101
|
| 020 |
|
|
|a 9781906015008
|9 978-1-906015-00-8
|
| 020 |
|
|
|a 1906015007
|c (pbk) : £10.99 pbk : £10.99
|9 1-906015-00-7
|
| 035 |
|
|
|a (DE-627)1616029099
|
| 035 |
|
|
|a (DE-576)443344582
|
| 035 |
|
|
|a (DE-599)BSZ443344582
|
| 040 |
|
|
|a DE-627
|b ger
|c DE-627
|e rakwb
|
| 041 |
|
|
|a eng
|
| 044 |
|
|
|c XA-GB
|
| 100 |
1 |
|
|a Robinson, Tommy
|4 aut
|
| 245 |
1 |
0 |
|a MIG Crew
|b the story of Luton's MIG Crew as told from the sharp end of football's frontline
|c Tommy Robinson
|
| 264 |
|
1 |
|a Hove
|b Pennant Books
|c 2007
|
| 300 |
|
|
|a VIII, 253 S., [24] Bl.
|b Ill.
|c 24cm
|
| 336 |
|
|
|a Text
|b txt
|2 rdacontent
|
| 337 |
|
|
|a ohne Hilfsmittel zu benutzen
|b n
|2 rdamedia
|
| 338 |
|
|
|a Band
|b nc
|2 rdacarrier
|
| 583 |
1 |
|
|a Archivierung prüfen
|c 20200919
|f DE-640
|z 1
|2 pdager
|
| 780 |
0 |
0 |
|i Früher u.d.T.
|a Robinson, Tommy: MIG down
|
| 856 |
4 |
2 |
|u https://swbplus.bsz-bw.de/bsz443344582inh.htm
|m B:DE-576;DE-Frei85
|q application/pdf
|v 20150828112944
|x Verlag
|3 Inhaltsverzeichnis
|7 1
|
| 935 |
|
|
|a mkri
|
| 951 |
|
|
|a BO
|
| ELC |
|
|
|b 1
|
| LOK |
|
|
|0 000 xxxxxcx a22 zn 4500
|
| LOK |
|
|
|0 001 3196877884
|
| LOK |
|
|
|0 003 DE-627
|
| LOK |
|
|
|0 004 1616029099
|
| LOK |
|
|
|0 005 20150812075403
|
| LOK |
|
|
|0 008 150812||||||||||||||||ger|||||||
|
| LOK |
|
|
|0 040
|a DE-Frei85
|c DE-627
|d DE-Frei85
|
| LOK |
|
|
|0 852
|a DE-Frei85
|
| LOK |
|
|
|0 852 1
|m p
|9 00
|
| LOK |
|
|
|0 938
|k p
|
| LOK |
|
|
|0 939
|a 12-08-15
|b l01
|
| ORI |
|
|
|a SA-MARC-krimdoka001.raw
|